00550nam a2200181Ii 450000100060000000300090000600800410001504000330005604100080008908200130009710000200011024500990013026400460022930000120027533600260028733700280031333800270034119496CO-ViMGA241108s9999||||xx |||||||||||||| ||und|| aCO-ViMGAbspaerdacCO-ViMGA0 aspa04a261 H17f1 aBernhard Haring10aFuerza y flaqueza de la religión :bla sociología religiosa como llamamiento al apostolado 1aMadrid, España : Editorial Herder, 1958 avolumen atextbtxt2rdacontent aunmediatedbn2rdamedia avolumebnc2rdacarrier